000 00375nam a2200169Ia 4500
100 _aSubramanya/K
650 _aMechanics
942 _cBK
366 _f25
654 _afluid mechanics
245 _a1000 solved problems in Fluid Mechanics
260 _bMCGRAW HILL PUBL.
_c2005
082 _a532
_bSUB
300 _a456
546 _aENGLISH
_cInfo.Tech
999 _c30428
_d30428